000 01231nam a22002777a 4500
005 20150302100518.0
008 150220s2012 ck a gr 00110 spa d
020 _a9789584640697
040 _aCO-BoBLA
_cCO-BoBLA
_dCo-BoIAvH
041 _aspa
044 _ack
082 0 4 _a580.986
_bA71g
100 1 _aAriza Cortés, William.
_924382
245 1 0 _aGuía ilustrada de la flora representativa de las selvas del Norte del Guaviare :
_bMunicipio de Mapiripán, Departamento del Meta /
_cWilliam Ariza Cortés, César Eduardo Barbosa Castillo, Lyndon Carvajal Rojas.
260 _aBogotá :
_bPluspetrol :
_bUniversidad Distrital Francisco José de Caldas,
_c2012.
300 _a178 p. :
_bilustraciones ;
_c22 cm.
504 _aIncluye referencias bibliográficas (pág 169-170) e índice.
650 4 _aBotánica
_z Mapiripán (Meta, Colombia)
_933161
650 4 _aBotánica
_x Fichas técnicas.
_933162
650 4 _aAdaptación vegetal
_z Mapiripán (Meta, Colombia)
_933163
650 4 _aPlantas
_x Clasificación
_z Meta (Colombia)
_933164
650 4 _aFlora
_z Mapiripán (Meta, Colombia)
_933165
700 1 _aBarbos Castillo, César Eduardo
_933166
700 1 _aCarvajal Rojas, Lyndon
_924379
942 _2ddc
_cLIBRO
999 _c9068
_d9068